000 00752nam a2200253Ia 4500
003 OSt
005 20220927110614.0
006 a|||||r|||| 00| 0
007 ta
008 220926b |||||||| |||| 00| 0 eng d
024 _a66341
037 _cReports
040 _aRTL
_cRTL
_beng
041 _2eng
_aeng
082 _a"X7.3.N63t, K4/GD"
110 _aGreat Britain (Govt of-). Committee on Turnover Taxation (1963)
_9379269
245 0 _aReport
260 _aLondon
_bH M S O UK
_c1964
300 _a98p.
_ccm.
650 _aFinance
700 _aGreat Britain (Govt of-). Committee on Turnover Taxation (1963)
_9379270
942 _h"X7.3.N63t, K4/GD"
_cCC
999 _c697315
_d697315